Treasury Memorandum on Public Accounts Committee Reports for the Years 1976/77-1989/90 (Record no. 1024)
[ view plain ]
| 000 -LEADER | |
|---|---|
| fixed length control field | 00357nam a22001217a 4500 |
| 008 - FIXED-LENGTH DATA ELEMENTS--GENERAL INFORMATION | |
| fixed length control field | 230612b xxu||||| |||| 00| 0 eng d |
| 082 ## - DEWEY DECIMAL CLASSIFICATION NUMBER | |
| Classification number | 354.62007232 |
| Item number | GOK |
| 100 ## - MAIN ENTRY--PERSONAL NAME | |
| Titles and words associated with a name | Government of Kenya |
| 245 ## - TITLE STATEMENT | |
| Title | Treasury Memorandum on Public Accounts Committee Reports for the Years 1976/77-1989/90 |
| 260 ## - PUBLICATION, DISTRIBUTION, ETC. (IMPRINT) | |
| Place of publication, distribution, etc. | Kenya |
| Name of publisher, distributor, etc. | GOK |
| Date of publication, distribution, etc. | 1990 |
| 300 ## - PHYSICAL DESCRIPTION | |
| Extent | 138p |
| 942 ## - ADDED ENTRY ELEMENTS (KOHA) | |
| Source of classification or shelving scheme | Dewey Decimal Classification |
| Koha item type | Books |
No items available.
